[Event "X Open A"]
[Site "Bergamo ITA"]
[Date "2011.07.16"]
[Round "4"]
[White "Leoni, Livio"]
[Black "Robertsen, Thomas"]
[WhiteElo "2020"]
[BlackElo "2257"]
[Result "1-0"]
[PlyCount "93"]
[EventDate "2011.07.15"]

1. e4 e5 2. Nf3 Nc6 3. Bb5 f5 4. Nc3 fxe4 5. Nxe4 d5 6. Nxe5 dxe4 7. Nxc6 Qd5
8. c4 Qd6 9. Nxa7+ Bd7 10. Bxd7+ Qxd7 11. Qh5+ g6 12. Qe5+ Kf7 13. Nb5 c6 14.
Qd4 Qe7 15. Nc3 Nf6 16. O-O Bg7 17. Qe3 Rhf8 18. d3 Rae8 19. Nxe4 Nxe4 20. dxe4
Qxe4 21. Qb3 c5 22. Bd2 Bd4 23. Rae1 Qc6 24. Be3 Kg7 25. Qc2 Qf6 26. Qd2 Qh4
27. b3 b6 28. g3 Qf6 29. Bh6+ Kg8 30. Bxf8 Rxf8 31. Re2 h5 32. h4 Qf3 33. Re3
Qg4 34. Rd3 Re8 35. Rd1 Re2 36. Rxd4 cxd4 37. Qxd4 Re3 38. Qxe3 Qxd1+ 39. Kg2
Qd8 40. Kg1 Kf7 41. Kg2 Kf6 42. Kg1 Kf5 43. Kg2 Qa8+ 44. Kg1 Kg4 45. Kh2 Qxa2
46. Kg2 Qc2 47. Qe5 1-0

[Event "X Open A"]
[Site "Bergamo ITA"]
[Date "2011.07.16"]
[Round "4"]
[White "Locci, Damiano"]
[Black "Moroni, Luca jr"]
[WhiteElo "2167"]
[BlackElo "1964"]
[Result "1/2-1/2"]
[PlyCount "113"]
[EventDate "2011.07.15"]

1. c4 e6 2. Nc3 d5 3. cxd5 exd5 4. d4 c6 5. Bf4 Bd6 6. Bg3 Bf5 7. Qb3 b6 8. e3
Ne7 9. Nf3 Bxg3 10. hxg3 Qd6 11. Be2 Nd7 12. Rc1 O-O 13. O-O h6 14. Nb1 Rfe8
15. Qa3 Qxa3 16. Nxa3 b5 17. Nc2 a5 18. Nce1 f6 19. Nd3 Nb6 20. Nc5 Reb8 21.
Nh4 Bh7 22. Bg4 Ra7 23. Be6+ Kh8 24. g4 Nc4 25. b3 Nd6 26. Nf3 a4 27. b4 Rd8
28. Nd2 Nc4 29. Nxc4 dxc4 30. a3 Nd5 31. Bxd5 cxd5 32. f3 Re7 33. Kf2 Kg8 34.
Rfe1 Kf7 35. Ke2 g6 36. Kd2 f5 37. Rh1 Kg7 38. gxf5 gxf5 39. f4 Bg6 40. Rh3
Rde8 41. Rch1 h5 42. Rg3 Kf6 43. Rhh3 Kf7 44. Rg5 h4 45. e4 dxe4 46. Ke3 Rd8
47. Rxh4 Ree8 48. Rh6 Rd6 49. g4 Kg7 50. Rh1 Rf8 51. gxf5 Rxf5 52. Rxf5 Bxf5
53. Rh5 Rd5 54. Rg5+ Kf7 55. Rg1 Rd8 56. Rg5 Rd5 57. Rg1 1/2-1/2

[Event "X Open A"]
[Site "Bergamo ITA"]
[Date "2011.07.16"]
[Round "4"]
[White "Mrdja, Milan"]
[Black "Arnaudov, G. Petar"]
[Result "1-0"]
[WhiteElo "2389"]
[BlackElo "2439"]
[PlyCount "111"]
[EventDate "2011.07.15"]

1. e4 e5 2. Nf3 Nc6 3. Bb5 a6 4. Ba4 Nge7 5. Bb3 Ng6 6. d4 exd4 7. Nxd4 Bc5 8.
Be3 Qf6 9. c3 Nf4 10. O-O Bb6 11. Nf5 g6 12. Bxf4 gxf5 13. Qe2 d6 14. Nd2 Be6
15. Nf3 fxe4 16. Qxe4 h6 17. Bg3 Qf5 18. Qxf5 Bxf5 19. Rfe1+ Kf8 20. Bd5 Kg7
21. Bf4 Rae8 22. h3 Nd8 23. g4 Bh7 24. Nd4 Bxd4 25. cxd4 c6 26. Bg2 d5 27. Re3
Ne6 28. Rae1 Rhf8 29. Bd6 Rg8 30. Kh2 Rd8 31. Be5+ Kf8 32. f4 Be4 33. Bxe4 dxe4
34. Rxe4 Ke7 35. f5 Ng5 36. R4e3 Rd5 37. Kg3 h5 38. h4 Nh7 39. g5 Kd8 40. Kf2
f6 41. g6 fxe5 42. gxh7 Rh8 43. dxe5 Rxh7 44. f6 Ke8 45. Rf3 Rd2+ 46. Kg3 Rh8
47. Kf4 Rg8 48. Kf5 Rd5 49. Ke6 Rg4 50. Rf5 Rdd4 51. Rxh5 Rxh4 52. Rg1 Kf8 53.
Rhg5 Rh8 54. Rg7 Rd8 55. f7 Rh6+ 56. R7g6 1-0

[Event "X Open A"]
[Site "Bergamo ITA"]
[Date "2011.07.16"]
[Round "4"]
[White "Seletsky, Grigory"]
[Black "Ventura, Franco"]
[WhiteElo "2296"]
[BlackElo "2090"]
[Result "1-0"]
[PlyCount "129"]
[EventDate "2011.07.15"]

1. e4 g6 2. d4 Bg7 3. Nc3 c5 4. Nf3 cxd4 5. Nxd4 Nc6 6. Be3 Nf6 7. Nb3 d6 8.
Be2 O-O 9. O-O a5 10. a4 Be6 11. f4 Qc8 12. Nd4 Bg4 13. Ndb5 Bxe2 14. Qxe2 Nb4
15. Kh1 Qg4 16. Rf3 Qc8 17. Rd1 Qc6 18. Bg1 b6 19. Rd2 Qb7 20. Nd5 Nbxd5 21.
exd5 Rfe8 22. c4 Nd7 23. Re3 Kf8 24. Rd1 Nc5 25. b3 Qd7 26. g4 h6 27. Bf2 f5
28. gxf5 Qxf5 29. Nc7 Rac8 30. Nxe8 Rxe8 31. Bh4 Bf6 32. Bxf6 Qxf6 33. Qg4 Kf7
34. Rg1 Rg8 35. Rge1 Re8 36. h4 h5 37. Qg5 Nd7 38. Kg2 Nf8 39. Rf1 Nh7 40.
Qxf6+ Nxf6 41. Re6 Rg8 42. Kf3 Ng4 43. Rfe1 Re8 44. R1e2 Nh6 45. Rh2 Nf5 46.
Re4 Rc8 47. Kg2 Rg8 48. Kh3 Rc8 49. Rg2 Rg8 50. Rg5 Rh8 51. Re6 Rg8 52. Rexg6
Rxg6 53. Rxf5+ Ke8 54. Rg5 Rh6 55. Kg3 Kf7 56. f5 Rh8 57. Kf4 Rh6 58. Ke4 Rh8
59. Rg6 Rh7 60. Kf4 Rh8 61. Kg5 Rh7 62. f6 e5 63. dxe6+ Kxe6 64. Rg7 Rh8 65.
Re7# 1-0

[Event "X Open A"]
[Site "Bergamo ITA"]
[Date "2011.07.16"]
[Round "4"]
[White "Seyfried, Claus"]
[Black "Ranfagni, Stefano"]
[WhiteElo "2166"]
[BlackElo "2006"]
[Result "1/2-1/2"]
[PlyCount "44"]
[EventDate "2011.07.15"]

1. d4 e6 2. e4 d5 3. Nd2 Nf6 4. e5 Nfd7 5. Bd3 c5 6. c3 Nc6 7. Ne2 cxd4 8. cxd4
f6 9. exf6 Nxf6 10. Nf3 Bd6 11. O-O O-O 12. Bf4 Bxf4 13. Nxf4 Qd6 14. Ne2 Ng4
15. Ng3 e5 16. dxe5 Qh6 17. Qc1 Ncxe5 18. Qxh6 Nxf3+ 19. gxf3 Nxh6 20. Rfe1 Bd7
21. Re7 Bc6 22. Rae1 Rae8 1/2-1/2

[Event "X Open A"]
[Site "Bergamo ITA"]
[Date "2011.07.16"]
[Round "4"]
[White "Trumpf, Walter"]
[Black "Turazza, Andrea"]
[WhiteElo "2073"]
[BlackElo "1922"]
[Result "0-1"]
[PlyCount "96"]
[EventDate "2011.07.15"]

1. d4 Nf6 2. Nc3 d5 3. e4 dxe4 4. f3 e3 5. Bxe3 g6 6. Bc4 Bg7 7. Nge2 Nbd7 8.
O-O c6 9. Qd2 Nb6 10. Bb3 O-O 11. Bh6 Nbd5 12. Bxg7 Kxg7 13. Nxd5 cxd5 14. Ng3
b6 15. Rfe1 a5 16. c3 Qc7 17. Qg5 e6 18. Re5 h6 19. Qd2 Ba6 20. Ne2 Nd7 21. Re3
Bc4 22. Bxc4 Qxc4 23. Nf4 b5 24. Rae1 Rfe8 25. Qc2 Nf8 26. b3 Qc6 27. Nd3 Nd7
28. Qd2 Qb6 29. Nf4 Qd6 30. Nd3 Qb6 31. b4 axb4 32. Nxb4 Rec8 33. f4 Nf6 34. f5
Ne4 35. Rxe4 dxe4 36. fxg6 f5 37. g4 Kxg6 38. gxf5+ exf5 39. Re3 Rg8 40. Rh3
Kh7+ 41. Kf1 Qg6 42. Rg3 Qh5 43. Nd5 Qh4 44. Kg2 Rg4 45. Qf2 Rxg3+ 46. hxg3 Qg5
47. Nf4 Qg4 48. Ne2 Rxa2 0-1

[Event "X Open A"]
[Site "Bergamo ITA"]
[Date "2011.07.17"]
[Round "5"]
[White "Arnaudov, G. Petar"]
[Black "Leoni, Livio"]
[WhiteElo "2439"]
[BlackElo "2020"]
[Result "1-0"]
[PlyCount "69"]
[EventDate "2011.07.15"]

1. Nf3 c5 2. c4 Nc6 3. d4 cxd4 4. Nxd4 Qb6 5. Nb3 Nf6 6. Nc3 e6 7. a3 d5 8.
cxd5 exd5 9. Be3 Qd8 10. g3 Be6 11. Bg2 Be7 12. O-O O-O 13. Nd4 Bd7 14. h3 Re8
15. Rc1 Nxd4 16. Bxd4 Bc6 17. Qb3 Ne4 18. Rfd1 Qa5 19. Kh2 Rad8 20. e3 Bf8 21.
Qa2 Nxc3 22. Bxc3 Qb5 23. Rd2 Rd7 24. Rcd1 Red8 25. Qb1 g6 26. Bf6 Re8 27. Qa2
Re6 28. Bc3 Red6 29. Bb4 Re6 30. Bxf8 Kxf8 31. Qb1 Re4 32. Rd4 Re8 33. R1d2 f5
34. Qd1 Kg7 35. g4 1-0

[Event "X Open A"]
[Site "Bergamo ITA"]
[Date "2011.07.17"]
[Round "5"]
[White "Bemporad, Filippo"]
[Black "Herbold, Manfred"]
[WhiteElo "2068"]
[BlackElo "2143"]
[Result "1-0"]
[PlyCount "77"]
[EventDate "2011.07.15"]

1. d4 b5 2. Bf4 Bb7 3. e3 e6 4. Nf3 b4 5. Be2 Nf6 6. Nbd2 Be7 7. h3 a5 8. O-O
O-O 9. Ne5 d6 10. Nd3 Na6 11. Bf3 Qc8 12. Rc1 Rb8 13. Nc4 Bxf3 14. Qxf3 a4 15.
Na5 Qd7 16. Nc6 Rb6 17. Nxe7+ Qxe7 18. Bg5 Rb5 19. Bh4 g5 20. Bg3 Nb8 21. e4
Nbd7 22. Qe2 Rfb8 23. f4 h6 24. fxg5 hxg5 25. Rf2 d5 26. exd5 Nxd5 27. Rcf1 f6
28. h4 R5b6 29. hxg5 f5 30. Nf4 Qxg5 31. Nxd5 Qxg3 32. Nxb6 Rxb6 33. Rf3 Qg7
34. d5 Ne5 35. Rh3 b3 36. axb3 axb3 37. c3 Ng6 38. dxe6 Ne7 39. Qh5 1-0

[Event "X Open A"]
[Site "Bergamo ITA"]
[Date "2011.07.17"]
[Round "5"]
[White "Borgo, Giulio"]
[Black "Reduzzi, Maurizio"]
[Result "1-0"]
[WhiteElo "2404"]
[BlackElo "2082"]
[PlyCount "57"]
[EventDate "2011.07.15"]

1. e4 e6 2. g3 d5 3. Bg2 dxe4 4. Bxe4 Nf6 5. Bg2 e5 6. b3 Bg4 7. Ne2 Nc6 8. Bb2
Bc5 9. h3 Bh5 10. Nbc3 O-O 11. d3 Nd4 12. g4 Bg6 13. Qd2 c6 14. O-O-O b5 15. f4
exf4 16. Nxf4 Qb6 17. Rde1 a5 18. g5 Nh5 19. Nxh5 Bxh5 20. Ne4 b4 21. Kb1 a4
22. Nxc5 Qxc5 23. Re4 Rfd8 24. Rhe1 Nb5 25. Rc4 Qa7 26. Rxb4 axb3 27. axb3 Qa2+
28. Kc1 Na3 29. Qc3 1-0

[Event "X Open A"]
[Site "Bergamo ITA"]
[Date "2011.07.17"]
[Round "5"]
[White "Brunello, Sabino"]
[Black "Mrdja, Milan"]
[Result "1-0"]
[WhiteElo "2552"]
[BlackElo "2389"]
[PlyCount "63"]
[EventDate "2011.07.15"]

1. d4 d5 2. c4 c6 3. Nf3 Nf6 4. Nc3 g6 5. cxd5 Nxd5 6. e4 Nxc3 7. bxc3 Bg7 8.
Be2 O-O 9. O-O c5 10. Be3 Qc7 11. Rb1 b6 12. d5 Bxc3 13. Qc1 Bg7 14. Bf4 Qd8
15. Rd1 Ba6 16. Bxa6 Nxa6 17. Bh6 Nc7 18. Bxg7 Kxg7 19. Rb3 f6 20. Nh4 Ne8 21.
Rh3 Nd6 22. Rdd3 Rh8 23. e5 Nf7 24. e6 Ng5 25. Rhg3 Qb8 26. Nf5+ Kf8 27. Rxg5
gxf5 28. Rxf5 Qd6 29. Qh6+ Ke8 30. Qg7 Rf8 31. Rh3 c4 32. Rxh7 1-0

[Event "X Open A"]
[Site "Bergamo ITA"]
[Date "2011.07.17"]
[Round "5"]
[White "Cattaneo, Marco"]
[Black "Brunelli, Giovanni"]
[WhiteElo "1991"]
[BlackElo "1943"]
[Result "0-1"]
[PlyCount "52"]
[EventDate "2011.07.15"]

1. d4 f5 2. Nf3 d6 3. g3 Nf6 4. Bg2 g6 5. O-O Bg7 6. b4 O-O 7. Bb2 c6 8. c4 Qe8
9. Qb3 Kh8 10. a4 Na6 11. Nbd2 Nc7 12. Bc3 d5 13. c5 Ne4 14. Ne5 Be6 15. f4
Bxe5 16. fxe5 g5 17. e3 Qh5 18. Qc2 f4 19. exf4 gxf4 20. gxf4 Rg8 21. Nxe4 dxe4
22. Kh1 Rxg2 23. Qxg2 e3 24. Rf3 Bd5 25. Raf1 Rg8 26. Qe2 Rg3 0-1

[Event "X Open A"]
[Site "Bergamo ITA"]
[Date "2011.07.17"]
[Round "5"]
[White "De Nisi, Roberta"]
[Black "Di Lascio, Savino"]
[WhiteElo "1964"]
[BlackElo "1982"]
[Result "0-1"]
[PlyCount "54"]
[EventDate "2011.07.15"]

1. d4 Nf6 2. c4 c5 3. d5 b5 4. cxb5 a6 5. f3 g6 6. e4 d6 7. Na3 Bg7 8. Qb3 O-O
9. b6 Bb7 10. Nc4 a5 11. a4 e6 12. dxe6 fxe6 13. Bf4 Ne8 14. Bxd6 Nxd6 15. Rd1
Bd4 16. Nd2 Qf6 17. Nh3 Nc6 18. Nf2 Bxf2+ 19. Kxf2 Nd4 20. Qe3 Rad8 21. e5 Qh4+
22. g3 Ne4+ 23. Kg2 Nf5 24. Qe1 Qh5 25. Nxe4 Rxd1 26. Qxd1 Bxe4 27. fxe4 Ne3+
0-1

[Event "X Open A"]
[Site "Bergamo ITA"]
[Date "2011.07.17"]
[Round "5"]
[White "De Palma, Fabrizio"]
[Black "Cani, Gazmir"]
[WhiteElo "2064"]
[BlackElo "2114"]
[Result "1-0"]
[PlyCount "109"]
[EventDate "2011.07.15"]

1. Nf3 Nf6 2. c4 g6 3. Nc3 d5 4. cxd5 Nxd5 5. e4 Nxc3 6. bxc3 Bg7 7. d4 c5 8.
Rb1 O-O 9. Be2 cxd4 10. cxd4 Qa5+ 11. Qd2 Qxd2+ 12. Bxd2 b6 13. O-O Bb7 14. d5
Ba6 15. Rfe1 Bxe2 16. Rxe2 Na6 17. Bg5 Rfe8 18. Rd1 Rac8 19. Nd4 Bxd4 20. Rxd4
Nc5 21. f3 b5 22. Bd2 Na4 23. Bb4 Nb6 24. Kf2 Nc4 25. Bc3 a5 26. Ba1 b4 27. Rd3
f6 28. Ke1 Kf7 29. f4 Na3 30. Bb2 Nc4 31. Ba1 Na3 32. Bb2 Nb5 33. e5 Rc4 34.
exf6 exf6 35. Rxe8 Kxe8 36. g3 Rc2 37. Rd2 Rxd2 38. Kxd2 Nd6 39. Kd3 Ke7 40.
Kd4 f5 41. Kc5 Ne4+ 42. Kc6 a4 43. Be5 b3 44. axb3 axb3 45. d6+ Nxd6 46. Bxd6+
Ke6 47. Be5 g5 48. Kc5 gxf4 49. gxf4 Kf7 50. Kc4 Kg6 51. Kxb3 Kh5 52. Kc4 Kg4
53. Kd5 h5 54. Ke6 h4 55. h3+ 1-0

[Event "X Open A"]
[Site "Bergamo ITA"]
[Date "2011.07.17"]
[Round "5"]
[White "Drazic, Sinisa"]
[Black "Georgiev, Vladimir"]
[Result "1/2-1/2"]
[WhiteElo "2501"]
[BlackElo "2559"]
[PlyCount "36"]
[EventDate "2011.07.15"]

1. e4 g6 2. d4 Bg7 3. c3 d6 4. Nf3 Nf6 5. Bd3 O-O 6. O-O Nc6 7. Re1 e5 8. dxe5
Nxe5 9. Nxe5 dxe5 10. Na3 Be6 11. Qc2 Nd7 12. Bc4 Qe7 13. Bxe6 Qxe6 14. Be3 Qc6
15. Rad1 Rfd8 16. Qd3 Bf6 17. Qc4 Qxc4 18. Nxc4 b6 1/2-1/2

[Event "X Open A"]
[Site "Bergamo ITA"]
[Date "2011.07.17"]
[Round "5"]
[White "Giancotti, Eraldo"]
[Black "Gorbatov, Alexej"]
[WhiteElo "2070"]
[BlackElo "2375"]
[Result "0-1"]
[PlyCount "74"]
[EventDate "2011.07.15"]

1. Nf3 c5 2. g3 d5 3. Bg2 Nc6 4. O-O e5 5. d3 Bd6 6. Nc3 Nge7 7. e4 d4 8. Nd5
O-O 9. Nh4 Be6 10. Nxe7+ Nxe7 11. Nf5 Qd7 12. Nxd6 Qxd6 13. f4 f6 14. Bd2 Nc6
15. f5 Bf7 16. g4 c4 17. Rf3 c3 18. bxc3 dxc3 19. Be3 Nd4 20. Rg3 h6 21. h4
Rfc8 22. g5 hxg5 23. hxg5 Kf8 24. Bf3 Nxf3+ 25. Qxf3 Ke7 26. Qf2 b6 27. a4 Qb4
28. Bc1 Kd7 29. d4 exd4 30. Rd3 Rc4 31. Be3 Kc6 32. Bxd4 Re8 33. Re1 Qxa4 34.
e5 fxe5 35. Bxe5 Bd5 36. Qe3 Qxc2 37. Rxd5 Rg4+ 0-1

[Event "X Open A"]
[Site "Bergamo ITA"]
[Date "2011.07.17"]
[Round "5"]
[White "Gonella, Daniele"]
[Black "Locci, Damiano"]
[WhiteElo "2067"]
[BlackElo "2167"]
[Result "1/2-1/2"]
[PlyCount "48"]
[EventDate "2011.07.15"]

1. e4 e6 2. d4 d5 3. e5 c5 4. c3 Nc6 5. Nf3 Nh6 6. a3 cxd4 7. cxd4 Nf5 8. b4 a6
9. Be2 Be7 10. O-O O-O 11. g4 Nh4 12. Nxh4 Bxh4 13. f4 f6 14. Be3 fxe5 15. fxe5
Rxf1+ 16. Bxf1 Bg5 17. Bf2 Bd7 18. Nd2 Qe7 19. Nf3 Bf4 20. h4 Rf8 21. Bd3 Qf7
22. Kg2 g6 23. Ra2 Qe7 24. Rc2 Qd8 1/2-1/2

[Event "X Open A"]
[Site "Bergamo ITA"]
[Date "2011.07.17"]
[Round "5"]
[White "Gosio, Denis"]
[Black "Attuati, Stefano"]
[WhiteElo "2164"]
[BlackElo "1963"]
[Result "1-0"]
[PlyCount "49"]
[EventDate "2011.07.15"]

1. e4 e6 2. d4 d5 3. Nd2 Be7 4. Bd3 c5 5. dxc5 Nf6 6. Qe2 a5 7. Ngf3 Na6 8. e5
Nd7 9. c3 Naxc5 10. Bb5 O-O 11. O-O f6 12. exf6 Nxf6 13. Ne5 Bd6 14. f4 Qc7 15.
Ndf3 Nfe4 16. Be3 b6 17. g3 g5 18. Kh1 Bb7 19. Bd4 Rf6 20. Nxg5 Rh6 21. Nxe4
Nxe4 22. Qg4+ Qg7 23. Qxg7+ Kxg7 24. Ng4+ e5 25. fxe5 1-0

[Event "X Open A"]
[Site "Bergamo ITA"]
[Date "2011.07.17"]
[Round "5"]
[White "Guzzetti, Luigi Enrico"]
[Black "Bocci, Alessandro"]
[WhiteElo "1962"]
[BlackElo "1941"]
[Result "0-1"]
[PlyCount "68"]
[EventDate "2011.07.15"]

1. e4 c5 2. Nf3 Nc6 3. d4 cxd4 4. Nxd4 Qc7 5. Nc3 e6 6. Be2 a6 7. O-O Nf6 8.
Be3 Bb4 9. Nxc6 bxc6 10. f3 O-O 11. g3 d5 12. exd5 cxd5 13. Na4 Bd7 14. c3 Bd6
15. Kf2 Rab8 16. Rb1 Qa5 17. b3 Bxa4 18. bxa4 Qxc3 19. Bxa6 e5 20. Bb5 Bc5 21.
Bxc5 Qxc5+ 22. Kg2 d4 23. Rc1 Qe7 24. Qb3 Rfd8 25. Qd3 Nd5 26. Rfe1 Ne3+ 27.
Kg1 h5 28. a5 Qb4 29. a4 Qxa5 30. Re2 Rbc8 31. Ree1 h4 32. g4 Qb4 33. Kh1 Qb2
34. Qe2 Rxc1 0-1

[Event "X Open A"]
[Site "Bergamo ITA"]
[Date "2011.07.17"]
[Round "5"]
[White "Kosic, Dragan"]
[Black "Stella, Andrea"]
[Result "1-0"]
[WhiteElo "2483"]
[BlackElo "2412"]
[PlyCount "87"]
[EventDate "2011.07.15"]

1. d4 Nf6 2. Nf3 e6 3. e3 b6 4. Bd3 Bb7 5. O-O d5 6. b3 Bd6 7. Bb2 O-O 8. c4
Nbd7 9. cxd5 exd5 10. Nc3 a6 11. Ne2 Qe7 12. Ng3 g6 13. Qe2 Ne4 14. Rfc1 f5 15.
Rc2 Ndf6 16. Ne5 Nxg3 17. hxg3 Bxe5 18. dxe5 Ng4 19. Qd2 c5 20. Be2 Rad8 21. f4
h5 22. b4 c4 23. Bd4 Qe6 24. a4 Nh6 25. Bf3 Rd7 26. Rd1 Nf7 27. Qc3 Kh7 28.
Rcd2 g5 29. Bxh5 g4 30. Kf2 Nd8 31. Rh1 Kg7 32. Rh4 Rh8 33. Rd1 Kg8 34. Rdh1
Rdh7 35. b5 a5 36. Qa3 Rh6 37. Qd6 Qxd6 38. exd6 R8h7 39. Bxb6 Rxd6 40. Bxa5 d4
41. exd4 Ne6 42. Bc3 Nxd4 43. Be8 Rxh4 44. Rxh4 1-0

[Event "X Open A"]
[Site "Bergamo ITA"]
[Date "2011.07.17"]
[Round "5"]
[White "Moroni, Luca jr"]
[Black "Player, Edmund C."]
[WhiteElo "1964"]
[BlackElo "2214"]
[Result "0-1"]
[PlyCount "94"]
[EventDate "2011.07.15"]

1. e4 e6 2. d4 d5 3. e5 c5 4. c3 Nc6 5. Nf3 Qb6 6. a3 Nh6 7. b4 cxd4 8. cxd4
Nf5 9. Bb2 Bd7 10. Be2 Be7 11. O-O h5 12. h3 g6 13. Qd2 Bf8 14. Rd1 Bh6 15. Qe1
h4 16. Nc3 Qd8 17. Bf1 Bf8 18. Bc1 Be7 19. Bf4 a6 20. Rac1 Na7 21. Qd2 a5 22.
Qb2 axb4 23. axb4 Qb6 24. b5 Nc6 25. Qd2 Na5 26. Ra1 O-O 27. Na4 Qd8 28. Qb2 b6
29. Rdc1 Ra7 30. Rc2 Kg7 31. Be3 Qb8 32. Bd2 Qb7 33. Bb4 Rfa8 34. Bxe7 Nxe7 35.
Nxh4 Nc4 36. Qb4 Bxb5 37. Qxb5 Ra5 38. Qb3 b5 39. Bxc4 dxc4 40. Rxc4 Qe4 41.
Rc7 Qxh4 42. g3 Qxd4 43. Rxe7 Qxa1+ 44. Kh2 Qxe5 45. Nb6 Qf6 46. Nxa8 Qxf2+ 47.
Kh1 Ra1+ 0-1

[Event "X Open A"]
[Site "Bergamo ITA"]
[Date "2011.07.17"]
[Round "5"]
[White "Ranfagni, Stefano"]
[Black "Robertsen, Thomas"]
[WhiteElo "2006"]
[BlackElo "2257"]
[Result "0-1"]
[PlyCount "52"]
[EventDate "2011.07.15"]

1. e4 e5 2. Nf3 Nc6 3. Bb5 f5 4. d3 fxe4 5. dxe4 Nf6 6. O-O Bc5 7. Qd3 d6 8.
Qc4 Qe7 9. Nc3 Bd7 10. Bg5 a6 11. Bxc6 bxc6 12. b3 Be6 13. Qd3 O-O 14. h3 Qe8
15. Be3 Bxe3 16. Qxe3 Nh5 17. Ne2 Nf4 18. Nxf4 Rxf4 19. Ng5 Bd7 20. g3 Rf6 21.
Kg2 Qh5 22. g4 Qg6 23. Kg3 Rf4 24. Nf3 Bxg4 25. Nh4 Qg5 26. Ng2 Bf3+ 0-1

[Event "X Open A"]
[Site "Bergamo ITA"]
[Date "2011.07.17"]
[Round "5"]
[White "Sala, Giovanni"]
[Black "Turazza, Andrea"]
[WhiteElo "1967"]
[BlackElo "1922"]
[Result "1/2-1/2"]
[PlyCount "152"]
[EventDate "2011.07.15"]

1. c4 Nf6 2. g3 e6 3. Nf3 d5 4. Bg2 c6 5. b3 Nbd7 6. Bb2 Bd6 7. d3 O-O 8. Nbd2
Re8 9. O-O e5 10. Rc1 Nf8 11. e4 Ng6 12. Re1 d4 13. c5 Bf8 14. b4 a5 15. a3
axb4 16. axb4 b6 17. Nc4 Nd7 18. h4 bxc5 19. h5 Nh8 20. bxc5 Ba6 21. Bh3 Bxc4
22. Rxc4 Ra5 23. Qc2 Rxc5 24. Rxc5 Nxc5 25. Ba3 Qa5 26. Bxc5 Qxc5 27. Qxc5 Bxc5
28. Rc1 Bb4 29. Rxc6 g6 30. Rb6 Bc5 31. Rb5 Bd6 32. Bg4 f6 33. Bd7 Re7 34. Bc6
Kg7 35. Bd5 Nf7 36. hxg6 hxg6 37. Bxf7 Kxf7 38. Nd2 Ra7 39. Nc4 Ra1+ 40. Kg2
Be7 41. Kf3 Ra6 42. Ra5 Rxa5 43. Nxa5 Bb4 44. Nc4 Ke6 45. g4 Be1 46. Ke2 Bb4
47. f3 Bc3 48. Kd1 Bb4 49. Kc2 Be1 50. Nb6 f5 51. gxf5+ gxf5 52. Kd1 Bh4 53.
Nc4 fxe4 54. fxe4 Bg3 55. Ke2 Kf6 56. Kf3 Bf4 57. Kg4 Kg6 58. Nb6 Bh2 59. Nd5
Bg1 60. Ne7+ Kf6 61. Nc6 Be3 62. Nb4 Bd2 63. Nd5+ Kg6 64. Nb6 Bb4 65. Nc4 Kf6
66. Kh5 Bc5 67. Nd2 Bb4 68. Nf3 Ba3 69. Nh2 Bc1 70. Ng4+ Ke6 71. Kg6 Bf4 72.
Nf2 Kd6 73. Kf5 Kc5 74. Ng4 Kb4 75. Nxe5 Bxe5 76. Kxe5 Kc3 1/2-1/2

[Event "X Open A"]
[Site "Bergamo ITA"]
[Date "2011.07.17"]
[Round "5"]
[White "Spence, David J."]
[Black "Seletsky, Grigory"]
[WhiteElo "2214"]
[BlackElo "2296"]
[Result "0-1"]
[PlyCount "103"]
[EventDate "2011.07.15"]

1. e4 Nf6 2. e5 Nd5 3. d4 d6 4. Nf3 g6 5. Bc4 Nb6 6. Bb3 d5 7. O-O Bg4 8. Nbd2
Bg7 9. h3 Bxf3 10. Nxf3 O-O 11. Ng5 h6 12. Nf3 e6 13. c3 c5 14. h4 cxd4 15.
cxd4 Nc6 16. Be3 Nc4 17. Bxc4 dxc4 18. Qc1 Kh7 19. Qxc4 Rc8 20. Qa4 Qd7 21. Qb3
Na5 22. Qd3 Nc4 23. Qe4 Qc6 24. Qg4 Nxb2 25. h5 Nc4 26. hxg6+ fxg6 27. Qh3 Rf5
28. Nh2 Rff8 29. Nf3 Rce8 30. Rfc1 Qd5 31. Rab1 b5 32. a4 a6 33. axb5 axb5 34.
Ra1 Re7 35. Qh4 Rb7 36. Ra6 Rxf3 37. gxf3 Qxf3 38. Qf4 Qd5 39. Qg4 Re7 40. Kh2
Rf7 41. Rg1 g5 42. Rg2 Rf5 43. Ra7 Kg6 44. Bc1 b4 45. f4 Qxd4 46. Re7 Qd5 47.
fxg5 Bxe5+ 48. Kh3 h5 49. Rxe6+ Qxe6 50. Qe4 Nd6 51. Qd3 Qc4 52. Qe2 0-1

[Event "X Open A"]
[Site "Bergamo ITA"]
[Date "2011.07.17"]
[Round "5"]
[White "Srebrnic, Vojko"]
[Black "Buckley, Simon T."]
[Result "1/2-1/2"]
[WhiteElo "2220"]
[BlackElo "2352"]
[PlyCount "97"]
[EventDate "2011.07.15"]

1. c4 e5 2. Nc3 Nc6 3. g3 g6 4. Bg2 Bg7 5. e4 d6 6. Nge2 Nge7 7. O-O O-O 8. d3
Rb8 9. Rb1 Nd4 10. Nxd4 exd4 11. Nb5 a6 12. Na3 b5 13. Bd2 Qd7 14. b3 Bb7 15.
Nc2 f5 16. exf5 Bxg2 17. Kxg2 Qxf5 18. Ne1 Nc6 19. Qf3 Qd7 20. Qd5+ Kh8 21. f4
Rf5 22. Qf3 Re8 23. Qd1 Rf7 24. Nf3 Qf5 25. Re1 Rxe1 26. Nxe1 g5 27. Qf3 Qd7
28. Qe2 Re7 29. Qf1 Qg4 30. Nf3 gxf4 31. Bxf4 Rf7 32. Qe2 Re7 33. Qd2 Be5 34.
Bxe5+ Nxe5 35. Nxe5 Rxe5 36. Re1 Kg7 37. Rxe5 dxe5 38. Qf2 Qd1 39. Qf5 Qe2+ 40.
Kh3 bxc4 41. bxc4 e4 42. Qe5+ Kg6 43. Qe6+ Kg5 44. Qe5+ Kg6 45. Qe6+ Kg5 46.
Qe5+ Kg6 47. dxe4 Qh5+ 48. Qxh5+ Kxh5 49. g4+ 1/2-1/2

[Event "X Open A"]
[Site "Bergamo ITA"]
[Date "2011.07.17"]
[Round "5"]
[White "Valsecchi, Alessio"]
[Black "Chiarion, Elisa"]
[Result "1/2-1/2"]
[WhiteElo "2354"]
[BlackElo "1964"]
[PlyCount "80"]
[EventDate "2011.07.15"]

1. d4 d5 2. Nf3 c6 3. c4 e6 4. g3 Nf6 5. Bg2 Nbd7 6. O-O Be7 7. Qc2 O-O 8. Rd1
Ne4 9. b3 Re8 10. Bb2 f5 11. Nc3 Bf6 12. e3 b6 13. Ne2 Bb7 14. Ne5 Bg5 15. Rd3
g6 16. Re1 Rc8 17. Nf4 Bxf4 18. exf4 Ndf6 19. Rde3 Qc7 20. c5 Nd7 21. f3 Nef6
22. Qe2 Nf8 23. b4 b5 24. Bf1 Qg7 25. a4 a6 26. Ra3 Ra8 27. Rea1 N6d7 28. Nd3
Qe7 29. Qe3 h6 30. axb5 axb5 31. Ra7 Rxa7 32. Rxa7 Nb8 33. Ne5 Qc7 34. Qa3 Qc8
35. Qa5 Nbd7 36. Nxc6 Qxc6 37. Bxb5 Qc8 38. c6 Bxc6 39. Bf1 Qb8 40. b5 Ba8
1/2-1/2

[Event "X Open A"]
[Site "Bergamo ITA"]
[Date "2011.07.17"]
[Round "5"]
[White "Ventura, Franco"]
[Black "Seyfried, Claus"]
[WhiteElo "2090"]
[BlackElo "2166"]
[Result "1/2-1/2"]
[PlyCount "80"]
[EventDate "2011.07.15"]

1. Nf3 d5 2. d4 c6 3. c4 e6 4. Qc2 Nf6 5. g3 Bd6 6. Bg2 O-O 7. Nbd2 Nbd7 8. O-O
Re8 9. b3 e5 10. dxe5 Nxe5 11. Bb2 Bg4 12. Nxe5 Bxe5 13. e3 Qd7 14. Nf3 Bxb2
15. Qxb2 Qf5 16. Nd4 Qe5 17. c5 Qh5 18. Rae1 Bh3 19. f3 Bxg2 20. Qxg2 Nd7 21.
Qc2 Re5 22. Re2 f5 23. b4 Rae8 24. Rfe1 Nf8 25. Qc3 Ne6 26. Nxc6 bxc6 27. Qxe5
Ng5 28. Qb2 Nxf3+ 29. Kg2 Nxe1+ 30. Rxe1 Qg4 31. Qc3 Qe4+ 32. Kf2 Kf7 33. a4
Rb8 34. b5 Qxa4 35. b6 axb6 36. Ra1 Qe4 37. Ra7+ Ke6 38. Qxg7 Qc2+ 39. Ke1 Qc1+
40. Ke2 Qc2+ 1/2-1/2

[Event "X Open A"]
[Site "Bergamo ITA"]
[Date "2011.07.17"]
[Round "5"]
[White "Vezzosi, Paolo"]
[Black "Rusev, Krasimir"]
[Result "0-1"]
[WhiteElo "2355"]
[BlackElo "2528"]
[PlyCount "122"]
[EventDate "2011.07.15"]

1. e4 e5 2. Nf3 Nc6 3. Bc4 Bc5 4. c3 Nf6 5. d3 O-O 6. Nbd2 a6 7. Bb3 d6 8. Nc4
Ne7 9. O-O Ba7 10. Bg5 Ng6 11. Qd2 Bg4 12. Bd1 h6 13. Be3 Be6 14. Bxa7 Rxa7 15.
Bb3 c6 16. Qe3 Ra8 17. Rfe1 b5 18. Na3 Qe7 19. d4 Bxb3 20. axb3 Rfe8 21. Nc2 a5
22. h3 Qe6 23. Nd2 Qd7 24. Qg3 Nf4 25. c4 g6 26. Qf3 Kg7 27. d5 Reb8 28. Ra2
cxd5 29. cxd5 Qc7 30. Qc3 Qb6 31. Qe3 Qc7 32. Qc3 Rc8 33. Qxc7 Rxc7 34. Na3 Rb8
35. Nab1 a4 36. bxa4 bxa4 37. Rxa4 Nd3 38. Rf1 Rxb2 39. Nc4 Rc2 40. Nxd6 Rd7
41. Ra6 h5 42. Rb6 h4 43. Na3 Re2 44. Nac4 Nxe4 45. Nxe4 Rxe4 46. Ne3 Rd4 47.
Ra1 Nf4 48. Rb5 Nxd5 49. Nxd5 R4xd5 50. Rxd5 Rxd5 51. Ra3 Rd1+ 52. Kh2 Rd2 53.
Kg1 f5 54. g3 hxg3 55. Rxg3 Kf6 56. h4 Rd4 57. Rh3 Rg4+ 58. Kf1 Kg7 59. Re3 e4
60. Rh3 Kh6 61. f3 Rf4 0-1